01632nam a2200361 a 4500001001000000003000500010005001700015008004100032010001100073011001100084040000900095090001000104100003900114245021100153260004100364500006000405502008200465590004100547590004000588590004000628590004000668590004000708650004600748650004400794700004400838856007000882901000700952942001000959942000600969999001900975952014000994952013601134000111465CHAP20220329144212.0150511s2015 mx a |sm |||||||spa d a107927 a108899 cCHAP aTesis1 aCruz Cristóbal, Andrés912933810aAves, mamiferos y reptiles de una selva baja caducifolia bajo dos condiciones de conservación:h[En línea]bconservada y semiconservada /cpor Andrés Cruz Cristóbal y Gonzalo Ammiel Gómez Salgado. aChapingo, Méx. :bEl autor,c2015. aPara ver el contenido del material haga clic en la liga aTesis (Ing. en Recursos Naturales Renovables) -- UACH. Departamento de Suelos aBATCH-UPDb05c20150511lUCH01h1409 aE5652GLJb05c20150511lUCH01h1134 aE5652GLJb05c20150511lUCH01h1134 aE5652GLJb05c20150511lUCH01h1230 aE5652GLJb05c20150511lUCH01h140914aSelvasxPreservaciónyGuerrero.912935014aVida silvestrexConservación.91191661 aGómez Salgado, Gonzalo Ammiel9129339 aFinding aiduhttp://10.13.5.2/tesis/sist111465.pdfzTeclea aquí aBK cTESIS n0 c107927d107927 00102local4053708TESISaBCbBCcPA_TESISd2015-05-11fTESISl0oTesisp33724002482595r2019-12-31 00:00:00tc.2w2019-12-31yTESIS 00104054718TESISaBCbBCd2015-05-11fTESISl0oTesisp33724002482702r2019-12-31 00:00:00w2019-12-31yTESISzRecien adquirido